000 00716nam a2200217 i 4500
001 127262
003 ES-MaACL
005 20250826065253.0
007 t|
008 070214s1964 mx |||| | spa d
100 1 _aReynolds, Lloyd G.
_996632
245 1 0 _aEconomía laboral y relaciones de trabajo /
_cLloyd G. Reynolds ; traducción de Mª Teresa M. de Silva Herzog.
250 _a1ª ed.
260 _aMéxico :
_bFondo de Cultura Económica,
_c1964.
300 _a493 p. ;
_c24 cm.
650 0 7 _aTrabajo
_2embne
_917590
650 7 _aEconomía del trabajo
_2embne
_9165298
700 1 _aMárquez de Silva Herzog, María Teresa.
_977022
852 _aES-MaACL
_jE-7006
999 _c127262
_d127262